000 00357nam a2200169Ia 4500
100 _aZak/Diane
650 _aVisual Basic
942 _cBK
366 _f25
654 _avisual basic 2008
245 _aVisual Basic 2008
260 _bCengage Learning
_c2008
082 _a5.133
_bZAK
300 _a545
546 _aENGLISH
_cPAMPHALETS
999 _c20863
_d20863